Pays du monde en désordre sur une carte - Statistiques

Statistiques générales
  • Ce quiz a été pris 1 155 fois
    1 153 depuis la dernière actualisation
  • Le résultat moyen est 10 sur 12
Réponses sur la Carte
Les réponses sont colorées sur une échelle allant du rouge au vert en fonction du pourcentage des utilisateurs qui les ont devinées à leur premier essai. Vous pouvez retrouver ces pourcentages ci-dessous.
 
Statistiques - réponses
Pays % Correct
Espagne
98%
Chine
97%
Norvège
95%
Suède
87%
Roumanie
86%
Uruguay
86%
Thaïlande
83%
Panama
72%
Portugal
71%
Bahamas
70%
Sri Lanka
70%
Cuba
69%
Aucun quiz correspondant
Distribution des résultats
% des personnes avec chaque résultat
Percentile par nombre de réponses
Votre historique - résultats
Vous n’avez pas pris ce quiz depuis la dernière actualisation